000 01676cai a2200409 a 4500
003 OSt
005 20240530110429.0
008 030711s2009 uk g r 0 a2eng c
020 _a9781857435405 ( v. 2 )
020 _a9781857435399 ( v.1 )
022 _a00842117
040 _aEG-CaGPL
_cEG-CaGPL
082 0 4 _221
_a060
_bREF/GE
100 1 _aGladman , Anthony
245 _aThe Europa world of learning /
_cAnthony Gladman
260 _a[London?] :
_bRoutledge, Taylor & Francis Group ,
_c2009 .
300 _a2 vol. ;
_c28 cm.
500 _aTitle from home page (viewed Aug. 23, 2010).
520 _aDirectory with profiles of learned societies, museums, libraries, research institutions, and universities worldwide, including names, principal personnel, activities and publications, addresses, etc.
538 _aMode of access: World Wide Web.
650 0 _aLearned institutions and societies
_vDirectories.
650 0 _aUniversities and colleges
_vDirectories.
650 0 _aEducation, Higher
_vDirectories.
650 2 _aAcademies and institutes
_xDirectories.
650 2 _aSocieties
_xDirectories.
650 2 _aUniversities
_xDirectories.
650 4 _aLearned institutions and societies
_xDirectories.
650 4 _aUniversities and colleges
_xDirectories.
650 4 _aEducation, Higher
_xDirectories.
653 _aEducation
_auniversities
_aacademies
710 2 _aRoutledge (Firm)
776 0 8 _iPrint version:
_tEuropa world of learning
_x2165-1965
_w(DLC) 2006206874
_w(OCoLC)75958088
942 _2ddc
_cBK
999 _c60816
_d60816